Nalaganje...
Effective creativity
| Glavni avtor: | |
|---|---|
| Format: | Printed Book |
| Jezik: | English |
| Izdano: |
Bombay
Jaico Publishing
1995
|
| Teme: |
| LEADER | 00512nam a2200169 a 4500 | ||
|---|---|---|---|
| 005 | 20151028162218.0 | ||
| 008 | 960221s1955 dcuabcdjdbkoqu001 0deng d | ||
| 003 | ViArRB | ||
| 082 | |a 658.314 | ||
| 100 | |a Mc Alindon, Harold R. |9 12303 | ||
| 245 | |a Effective creativity | ||
| 653 | |a | ||
| 942 | |c BK |6 _ | ||
| 942 | |c BK | ||
| 260 | |a Bombay |b Jaico Publishing |c 1995 | ||
| 999 | |c 77444 |d 77444 | ||
| 952 | |0 0 |1 0 |2 ddc |4 0 |6 658314_N5 |7 0 |9 90389 |a SOS |b SOS |c CART |d 2009-11-11 |l 1 |o 658.314 N5 |p MS009401 |r 2015-09-23 |s 2015-08-12 |w 2009-07-13 |y BK | ||